| 000 | 00522cam a22002171 4500 | ||
|---|---|---|---|
| 001 | sa 68008009 | ||
| 003 | DLC | ||
| 005 | 20260227112527.0 | ||
| 008 | 950203s1967 ii 000 0 malo | ||
| 010 | _asa 68008009 | ||
| 025 | _aPL480:I-Mal-1374 | ||
| 035 | _a(OCoLC)31931923 | ||
| 040 |
_aDLC _cCU _dCU _dDLC |
||
| 042 | _apremarc | ||
| 050 | 0 | 0 |
_aPL4718.9.A38 _bA75 |
| 100 | 1 | _aAlikutty, M. V. | |
| 245 | 1 | 0 | _aAkakkāmpile ōmana. |
| 260 |
_a[n.p. _c1967] |
||
| 300 |
_a354 p. _c19 cm. |
||
| 500 | _aIn Malayalam. | ||
| 999 |
_c82175 _d82175 |
||